00365nam a2200133Ia 4500001000400000008004100004082001900045100003000064245006800094260001900162590000700181901002800188999001500216290241024s9999 xx 000 0 und d aRD/510/L732f/1 aDinorah De Lima Jiménez 0aFechas, cumpleaños y medidas guía, Talleres de Matemática bCorripioc2006 asi a29/10/2010 2:35:39 p.m. c8205d8205